MARC

LEADER 00000nab a2200000 a 4500
001 vtls000178008
003 SK-MaSNL
005 20260304075046.0
008 250423c1984 xo 0 slo
015 |a SNBRB19rr/mm-uuuuu 
035 |a CL0188121 
035 |a urn:nbn:sk:snk-abbdbt 
035 |a (urnnbn)urn:nbn:sk:snk:ar-00001l 
035 |a (uuid)5913fffe-3e72-4a6f-925a-4fc63db31d2b 
040 |a SNKBUCL  |b slo  |c SNKBUCL  |e AACR2 
041 0 |a slo 
044 |a xo  |c SK 
080 |a 82.09:82.015(048)  |2 1981 
080 |a 82.015(048)  |2 1981 
080 |a 82  |2 1981 
080 |a 301(048)  |2 1981 
100 1 |a Obert, Viliam,  |d 1940-2005  |4 aut  |9 103681 
245 1 0 |a Socialistický realizmus v diskusii  |c Viliam Obert ; Andrej Červeňák 
500 |a V rubrike Recenzie. 
650 0 7 |a socialistický realizmus (literatúra)  |2 snkbucl  |9 73000 
655 7 |a články z novín a časopisov  |2 snkbucl  |9 267496 
655 7 |a články z odboru literárna veda a krásna literatúra  |2 snkbucl  |9 770045 
700 1 |a Červeňák, Andrej,  |d 1932-2012  |4 aut  |9 153402 
773 0 |t Romboid  |g Roč. 19, č. 2 (1984), s. 75-79 
787 0 8 |i Rec.:  |a Červeňák, Andrej  |t Socialistický realizmus v diskusii  |d Bratislava : Slovenský spisovateľ, 1983 
850 |a Slovenská národná knižnica 
852 |a Slovenská národná knižnica 
958 |a article15 
958 |a BX 
958 |a RK 
958 |a LX 
958 |a OND 
958 |a EUIPO 
992 |a RBX 
999 |c 2779366  |d 2781296